| 000 | 00377nam a2200157Ia 4500 | ||
|---|---|---|---|
| 008 | 210210b1965 xxu||||| |||| 00| 0 eng d | ||
| 041 | _aeng | ||
| 082 | _a320/525 | ||
| 100 | _aSCHUMPETER (J A) | ||
| 245 | _aCapitalism socialism and democracy | ||
| 260 |
_a _bNot Mentioned _c1965 |
||
| 650 | _aVital | ||
| 650 | _acenter | ||
| 690 | _aPolitical Science | ||
| 906 | _a003164 | ||
| 999 |
_c118501 _d118501 |
||